Detalles MARC
| 000 -LEADER |
| fixed length control field |
01813nam a2200361 a 4500 |
| 005 - FECHA ULTIMA MODIFICACION |
| control field |
20240430093347.0 |
| 008 - CAMPO DE CONTROL (LIBRO) |
| fixed length control field |
100312s2012||||sp a f |||| 001 0 spa d |
| 020 ## - INTERNATIONAL STANDARD BOOK NUMBER |
| ISBN |
9788480869973 |
| 041 ## - CODIGO DE IDIOMA |
| Código de idioma del texto/pista de sonido o título separado |
spa |
| 092 ## - SIGNATURA TOPOGRAFICA DEWEY LOCAL |
| número de clasificación |
616.9 |
| libristica |
51 |
| sección |
MAN |
| 100 1# - ENTRADA PRINCIPAL--NOMBRE PERSONAL |
| Nombre personal |
Mandell, Gerald L. |
| 9 (RLIN) |
519 |
| 245 ## - TITULO PROPIAMENTE DICHO |
| Título |
Mandell, Douglas y Bennett. Enfermedades Infecciosas. |
| Subtítulo y Título paralelo |
Síndrome de Inmunodeficiencia Adquirida / |
| Mención de responsabilidad y remanente de la transcripción de la portada |
Gerald L. Mandell |
| 250 ## - MENCION DE EDICION |
| Mención de edición |
7a ed. versión en español de la 7a ed. de la obra original en inglés |
| 260 ## - PIE DE IMPRENTA |
| Lugar de publicación, distribución, etc |
Barcelona: |
| Nombre de la editorial, distribuidor, etc |
Elsevier-Churchill Livingstone; |
| Fecha de publicación |
2012. |
| 300 ## - DESCRIPCION FISICA |
| Extension |
293 p. |
| 500 ## - NOTA GENERAL |
| Nota general |
Mandell, G., Bennett, J. E. y Dolin, R. (2012). Enfermedades infecciosas. Síndrome de inmunodeficiencia adquirida. (7a ed.). Barcelona : Elsevier. |
| 653 ## - TÉRMINO INDIZADO - PALABRAS CLAVES |
| Palabra clave |
Perspectivas globales sobre la infección por el VIH y el SIDA |
| 653 ## - TÉRMINO INDIZADO - PALABRAS CLAVES |
| Palabra clave |
Epidemiología y prevención del SIDA y de la infección por el VIH |
| 653 ## - TÉRMINO INDIZADO - PALABRAS CLAVES |
| Palabra clave |
Diagnóstico de la infección por el VIH |
| 653 ## - TÉRMINO INDIZADO - PALABRAS CLAVES |
| Palabra clave |
Inmunología de la infección por el VIH |
| 653 ## - TÉRMINO INDIZADO - PALABRAS CLAVES |
| Palabra clave |
Manifestaciones clinicas generales de la infección por el VIH |
| 653 ## - TÉRMINO INDIZADO - PALABRAS CLAVES |
| Palabra clave |
Manifestaciones pulmonares de la infección por el VIH |
| 653 ## - TÉRMINO INDIZADO - PALABRAS CLAVES |
| Palabra clave |
Manifestaciones gastrointestinales y hepatobiliares de la infección por el VIH |
| 653 ## - TÉRMINO INDIZADO - PALABRAS CLAVES |
| Palabra clave |
Enfermedades neurológicas causadas por el VIH tipo 1 e infecciones oportunistas |
| 653 ## - TÉRMINO INDIZADO - PALABRAS CLAVES |
| Palabra clave |
Enfermedades malignas en la infección por VIH |
| 653 ## - TÉRMINO INDIZADO - PALABRAS CLAVES |
| Palabra clave |
Infección por el virus del VIH en los niños |
| 653 ## - TÉRMINO INDIZADO - PALABRAS CLAVES |
| Palabra clave |
Tratamiento antirretroviral en la infección por el virus del VIH |
| 653 ## - TÉRMINO INDIZADO - PALABRAS CLAVES |
| Palabra clave |
Tratamiento de las infecciones oportunistas asociadas a la infección por el VIH |
| 653 ## - TÉRMINO INDIZADO - PALABRAS CLAVES |
| Palabra clave |
Vacunas contra la infección por el VIH |
| 700 1# - ENTRADAS SECUNDARIAS - NOMBRE PERSONAL |
| Nombre personal |
Bennett, John E. |
| 9 (RLIN) |
520 |
| 700 1# - ENTRADAS SECUNDARIAS - NOMBRE PERSONAL |
| Nombre personal |
Dolin, Raphael . |
| 9 (RLIN) |
521 |
| 942 ## - ADDED ENTRY ELEMENTS (KOHA) |
| Source of classification or shelving scheme |
Dewey Decimal Classification |
| Item type |
Libros |